000 00681nam a2200253 4500
001 1963
010 _a9789895760879
021 _aPT
_b534804/24
090 _a1963
100 _a20250811d2024 m||y0pory50030103ba
101 _apor
102 _aPT
200 _aA soberania do bem
_fIris Murdoch
_gtrad. João Germano
205 _a1ª edição
210 _aLisboa
_cGuerra & Paz
_d2024
215 _a147, [5] p.
_d24 cm
300 _aBMB-Registado
304 _aTít. orig.: The sovereignty of good
606 _9281
_aMoral
_xÉtica
675 _a17
_vBMB
_zpor
700 _aMurdoch
_bIris
_f1919-1999
_92819
702 _aGermano
_bJoão
_4730
_92820
801 _aPT
_bBMB
_gRPC
990 _cLIVROS